[Event "Montevideo Duchamp Cup 5th"]
[Site "Montevideo"]
[Date "2022.02.15"]
[Round "5"]
[White "Moreno, Nelson"]
[Black "Ressia, Lorenzo"]
[Result "0-1"]
[WhiteElo "1636"]
[BlackElo "1447"]
[PlyCount "92"]
[EventDate "2022.02.12"]
[EventType "swiss"]
[EventRounds "9"]
[EventCountry "URU"]
[SourceTitle "CBM 206 Extra"]
[Source "ChessBase"]
[SourceDate "2022.03.31"]
[SourceVersion "1"]
[SourceVersionDate "2022.03.31"]
[SourceQuality "1"]

1. Nf3 Nf6 2. b3 d5 3. Bb2 g6 4. e3 Bg7 5. c4 e6 6. d4 0-0 7. Nbd2 Nbd7 8. Qc2 c6 9. Bd3 Re8 10. 0-0 e5 11. dxe5 Ng4 12. e6 Rxe6 13. Bxg7 Kxg7 14. Qc3+ Qf6 15. Qxf6+ Ngxf6 16. cxd5 Nxd5 17. Bc4 N7b6 18. Rac1 Nxc4 19. Nxc4 h6 20. Rfd1 Re7 21. h3 Rb8 22. Rd4 Be6 23. Rd2 f6 24. Nd4 Bg8 25. Na5 f5 26. a3 Nf6 27. b4 Rc8 28. Nb5 Ne4 29. Nd6 Nxd6 30. Rxd6 Rec7 31. Rcd1 b6 32. Rd7+ Kf6 33. Rxc7 Rxc7 34. Rd6+ Ke7 35. Rxc6 Kd7 36. Rxg6 Bd5 37. Rxh6 bxa5 38. Rh7+ Kc6 39. Rxc7+ Kxc7 40. g4 axb4 41. axb4 fxg4 42. hxg4 Kb6 43. g5 Kb5 44. g6 Kxb4 45. g7 a5 46. e4 Bg8 0-1

[Event "Montevideo Trebejos op 09"]
[Site "Montevideo"]
[Date "2021.09.11"]
[Round "2"]
[White "Moreno, Nelson"]
[Black "Montoli, Sebastian"]
[Result "0-1"]
[WhiteElo "1675"]
[BlackElo "1867"]
[PlyCount "56"]
[EventDate "2021.09.10"]
[EventType "swiss"]
[EventRounds "5"]
[EventCountry "URU"]
[SourceTitle "CBM 204 Extra"]
[Source "ChessBase"]
[SourceDate "2021.11.30"]
[SourceVersion "1"]
[SourceVersionDate "2021.11.30"]
[SourceQuality "1"]

1. Nf3 d5 2. c4 d4 3. d3 c5 4. g3 Nc6 5. Bg2 f6 6. 0-0 e5 7. e3 Be6 8. Re1 Qd7 9. exd4 cxd4 10. a3 g5 11. Nxg5 fxg5 12. Bxg5 Bg7 13. Nd2 Nge7 14. Ne4 0-0 15. Nc5 Qc8 16. Nxe6 Qxe6 17. Bxc6 Nxc6 18. Re4 Qf5 19. Qd2 h6 20. Bxh6 Bxh6 21. Qxh6 Qxf2+ 22. Kh1 Qf3+ 23. Kg1 Rf6 24. Rg4+ Qxg4 25. Qxf6 Rf8 26. Qh6 e4 27. dxe4 d3 28. b4 Nd4 0-1

[Event "Montevideo Trebejos op 08"]
[Site "Montevideo"]
[Date "2021.08.21"]
[Round "2"]
[White "Montoli, Sebastian"]
[Black "Moreno, Nelson"]
[Result "1-0"]
[WhiteElo "1845"]
[BlackElo "1684"]
[PlyCount "95"]
[EventDate "2021.08.20"]
[EventType "swiss"]
[EventRounds "5"]
[EventCountry "URU"]
[SourceTitle "CBM 204 Extra"]
[Source "ChessBase"]
[SourceDate "2021.11.30"]
[SourceVersion "1"]
[SourceVersionDate "2021.11.30"]
[SourceQuality "1"]

1. e4 e5 2. Nf3 Nc6 3. Bc4 Nf6 4. d3 Be7 5. 0-0 0-0 6. a4 d6 7. Re1 Na5 8. Ba2 Bd7 9. Nbd2 a6 10. Nf1 b5 11. Bd2 c5 12. Bxa5 Qxa5 13. axb5 Qxb5 14. Qd2 Be6 15. Ne3 Bxa2 16. Rxa2 a5 17. Nc4 a4 18. Qc3 Qb4 19. Nfd2 Rfb8 20. h3 Qxc3 21. bxc3 Nd7 22. Rea1 Nb6 23. Nxb6 Rxb6 24. Nc4 Rba6 25. Nb2 Rb6 26. Nxa4 Rba6 27. c4 Bg5 28. Nc3 Rxa2 29. Rxa2 Rxa2 30. Nxa2 Bd2 31. Kf1 Kf8 32. Ke2 Ba5 33. Nc1 Ke7 34. Nb3 Bc3 35. Ke3 f6 36. f4 exf4+ 37. Kxf4 Ke6 38. g4 g5+ 39. Ke3 Ke5 40. Nc1 Bd4+ 41. Kf3 Bc3 42. Ne2 Bd2 43. c3 Ke6 44. d4 cxd4 45. cxd4 h6 46. Ng3 Bc3 47. Ke3 Be1 48. Nf5 1-0

[Event "Montevideo Trebejos op 03"]
[Site "Montevideo"]
[Date "2021.03.10"]
[Round "2"]
[White "Lopez Falcon, Jorge"]
[Black "Moreno, Nelson"]
[Result "1-0"]
[WhiteElo "2118"]
[BlackElo "1686"]
[PlyCount "31"]
[EventDate "2021.03.08"]
[EventType "swiss"]
[EventRounds "6"]
[EventCountry "URU"]
[SourceTitle "EXT 2022"]
[Source "ChessBase"]
[SourceDate "2021.10.06"]
[SourceVersion "1"]
[SourceVersionDate "2021.10.06"]
[SourceQuality "1"]

1. d4 Nf6 2. c4 g6 3. g3 d5 4. Bg2 c6 5. Nf3 Bg7 6. cxd5 cxd5 7. Nc3 0-0 8. Ne5 Nc6 9. 0-0 Be6 10. Nxc6 bxc6 11. Na4 Ne4 12. b3 c5 13. Bb2 cxd4 14. Bxd4 Bd7 15. Bxg7 Kxg7 16. Qxd5 1-0

[Event "Montevideo Contra el Bicho op"]
[Site "Montevideo"]
[Date "2020.09.14"]
[Round "6"]
[White "Moreno, Nelson"]
[Black "Grierson, Alejandro"]
[Result "1-0"]
[WhiteElo "1688"]
[BlackElo "1709"]
[PlyCount "66"]
[EventDate "2020.08.28"]
[EventType "swiss"]
[EventRounds "6"]
[EventCountry "URU"]
[SourceTitle "EXT 2021"]
[Source "ChessBase"]
[SourceDate "2020.10.23"]
[SourceVersion "1"]
[SourceVersionDate "2020.10.23"]
[SourceQuality "1"]

1. e4 c5 2. c3 Nc6 3. d4 cxd4 4. cxd4 e6 5. Nf3 Bb4+ 6. Nc3 Nge7 7. Be2 d6 8. 0-0 Bd7 9. Be3 0-0 10. Rc1 a6 11. a3 Ba5 12. b4 Bb6 13. Qd3 Rc8 14. b5 Nb8 15. Qb1 Qe8 16. bxa6 Ba5 17. a7 Nbc6 18. Nb5 Bc7 19. Nxc7 Rxc7 20. Qb6 Rc8 21. Rfd1 Qd8 22. Qxb7 Rc7 23. a8Q Rxb7 24. Qxb7 Bc8 25. Qb2 Qa5 26. Bb5 Na7 27. a4 Bb7 28. Bd3 Rb8 29. Qa3 Qd8 30. a5 Nac6 31. a6 Ra8 32. Rb1 Bxa6 33. Bxa6 h6 1-0

[Event "Montevideo Trebejos op 06"]
[Site "Montevideo"]
[Date "2019.06.26"]
[Round "3"]
[White "Muzzi, Eduardo"]
[Black "Moreno, Nelson"]
[Result "1-0"]
[WhiteElo "1936"]
[BlackElo "1662"]
[PlyCount "61"]
[EventDate "2019.06.19"]
[EventType "swiss"]
[EventRounds "7"]
[EventCountry "URU"]
[SourceTitle "EXT 2020"]
[Source "ChessBase"]
[SourceDate "2019.10.17"]
[SourceVersion "1"]
[SourceVersionDate "2019.10.17"]
[SourceQuality "1"]

1. e4 e5 2. Bc4 Nf6 3. Nf3 Nc6 4. d3 Be7 5. c3 d6 6. Bb3 0-0 7. 0-0 Na5 8. Bc2 c5 9. Nbd2 b5 10. a3 Nc6 11. Re1 a5 12. Nf1 Qc7 13. Ng3 d5 14. Qe2 d4 15. Nh4 Rd8 16. Nhf5 Bf8 17. Bg5 dxc3 18. bxc3 c4 19. dxc4 bxc4 20. Bxf6 gxf6 21. Qg4+ Kh8 22. Qh4 Be7 23. Ba4 Ra6 24. Rad1 Rxd1 25. Rxd1 Nd8 26. Bb5 Rb6 27. Bxc4 Bxf5 28. Nxf5 Qxc4 29. Nxe7 Qd3 30. Qg4 Rb1 31. Qg8# 1-0

[Event "Montevideo Trebejos op 06"]
[Site "Montevideo"]
[Date "2019.06.21"]
[Round "2"]
[White "Roman, Enrique"]
[Black "Moreno, Nelson"]
[Result "0-1"]
[WhiteElo "1247"]
[BlackElo "1662"]
[PlyCount "64"]
[EventDate "2019.06.19"]
[EventType "swiss"]
[EventRounds "7"]
[EventCountry "URU"]
[SourceTitle "EXT 2020"]
[Source "ChessBase"]
[SourceDate "2019.10.17"]
[SourceVersion "1"]
[SourceVersionDate "2019.10.17"]
[SourceQuality "1"]

1. e4 e5 2. Nf3 Nc6 3. Bc4 Nf6 4. d3 Be7 5. c3 d6 6. Nbd2 0-0 7. 0-0 Na5 8. Bb5 a6 9. Ba4 b5 10. Bc2 c5 11. c4 Nc6 12. a3 Bg4 13. h3 Bh5 14. g4 Nxg4 15. hxg4 Bxg4 16. Kh2 Nd4 17. Rg1 Bh5 18. Rg3 f5 19. Qg1 Nxc2 20. Rxg7+ Kh8 21. Rb1 fxe4 22. Ng5 Bxg5 23. Rxg5 Bg6 24. Nxe4 Nd4 25. Rg3 Qh4+ 26. Kg2 Bxe4+ 27. dxe4 Qxe4+ 28. Kh3 Qxb1 29. Re3 Qf5+ 30. Kh2 Qh5+ 31. Rh3 Nf3+ 32. Kg2 Qxh3+ 0-1

[Event "URU-ch sf"]
[Site "Montevideo"]
[Date "2017.02.24"]
[Round "1"]
[White "Ledesma, Sebastian"]
[Black "Moreno, Nelson"]
[Result "1/2-1/2"]
[WhiteElo "1951"]
[BlackElo "1814"]
[PlyCount "64"]
[EventDate "2017.02.24"]
[EventType "swiss"]
[EventRounds "8"]
[EventCountry "URU"]
[SourceTitle "CBM 177 Extra"]
[Source "ChessBase"]
[SourceDate "2017.04.27"]
[SourceVersion "1"]
[SourceVersionDate "2017.04.27"]
[SourceQuality "1"]

1. e4 e5 2. Nf3 Nc6 3. d4 exd4 4. Nxd4 Nf6 5. Nxc6 bxc6 6. e5 Nd5 7. c4 Nb6 8. Bd3 Qh4 9. Qc2 Bc5 10. 0-0 0-0 11. Nd2 h6 12. a3 a5 13. Rb1 Qh5 14. Nf3 a4 15. Bf4 d6 16. exd6 cxd6 17. Be4 Be6 18. Bxc6 Rac8 19. Bb7 Rc7 20. Ba6 Bf5 21. Qd2 Bxb1 22. Rxb1 Qf5 23. Rd1 Qe6 24. Re1 Qf6 25. Bb5 Rcc8 26. h3 Rc7 27. Bg3 Re7 28. Rxe7 Qxe7 29. Qc2 Qe6 30. Bf4 Rd8 31. Bg3 Rc8 32. Ba6 Rc7 1/2-1/2